10 Most Popular Landmarks in the US - Statistics

General Stats
  • This quiz has been taken 21 times
  • The average score is 2 of 10
Answer Stats
Rank Answer % Correct
8 Golden Gate Bridge
83%
7 Disneyland Resort
33%
4 Las Vegas Strip
22%
1 Times Square
17%
2 Central Park
11%
10 Golden Gate Park
11%
5 Grand Central Terminal
11%
6 Disney's Magic Kingdom
6%
9 Faneuil Hall Marketplace
6%
3 Union Station
6%
No matching quizzes found
Score Distribution
Percent of People with Each Score
Percentile by Number Answered
Your Score History
You have not taken this quiz